000 00874nam a22002417a 4500
999 _c21257
_d21257
003 AR-CdUCM
008 190326b ||||| |||| 00| 0 spa d
020 _a9786120029220
040 _aMUNICIPALIDAD PROVINCIAL DEL CUSCO
_cBIBLIOTECA MUNICIPAL DEL CUSCO
082 _a510/R77
_bR77
100 _aRojas Gamarra, Milton
_944406
245 _aMatemática Inka /
260 _aCusco ;
_bLíder Digital,
_c2017.
300 _a57 Páginas. :
_bilustraciones ;
_c20 cm.
505 _aContenido: Matemática Inka en la Yupana -- Sistema de numeración en la Yupana y el Khipu -- Las cuatro operaciones básicas en la Yupana -- Matemática Inka en el Khipu.
650 _aIncas
_9303
650 _aInkas
_91899
650 _aSistema de numeración
_942977
650 _aMatemática inca
_924574
650 _aMatemática Inka
_944404
942 _2ddc
_cLIBROS
945 _aRoel